000 00500nam a2200169Ia 4500
003 GCL
008 140319s9999 xx 000 0 ara d
040 _aGCL /
_cGCL
082 0 4 _a635.9
_bا ح
100 1 _aابوالقاسم محمد ابراهيم
245 1 0 _aحديقه الازهار في ماهية العشب و العقار /
_cابوالقاسم محمد ابراهيم
300 _a427 ص
490 _a
650 0 4 _aالنباتات
650 0 4 _aالازهار
942 _2ddc
_cBK
999 _c44387
_d44387